Gewinner des Eurovision Song Contests - Sudden Death - Statistiken

Allgemein
  • Dieses Quiz wurde 341 mal gespielt
  • Das Durchschnittsergebnis liegt bei 7 aus 11
Answers on the Grid
Answers color-coded by a green-red scale on the quiz's grid according to % correct below.
ABBA
Anne-Marie David
Adriano Celentano
Celine Dion
Karel Gott
Udo Jürgens
Sergei Lasarew
Duncan Laurence
Vicky Leandros
Johnny Logan
Lordi
Loreen
Madonna
Nicole
Cliff Richards
Ruslana
 
Antwortstatistiken
Antwort % Korrekt
ABBA
98%
Celine Dion
80%
Loreen
80%
Nicole
75%
Lordi
71%
Udo Jürgens
65%
Duncan Laurence
64%
Johnny Logan
62%
Ruslana
59%
Vicky Leandros
45%
Anne-Marie David
26%
Keine übereinstimmenden Quizze gefunden
Verteilung der Resultate
Anzahl Personen mit jedem Resultat
Perzentil nach korrekt beantworteten Fragen
Ihre Resultats-Entwicklung
Sie haben dieses Quiz noch nicht gespielt